| 000 | 00592nam a22001817a 4500 | ||
|---|---|---|---|
| 999 |
_c20842 _d20842 |
||
| 003 | AR-CdUCM | ||
| 008 | 190606b ||||| |||| 00| 0 spa d | ||
| 040 |
_aMUNICIPALIDAD PROVINCIAL DEL CUSCO _cBIBLIOTECA MUNICIPAL DEL CUSCO |
||
| 082 |
_a983.041 / _bV61 |
||
| 100 |
_aVidaurre de Adaro, Gabriela _943524 |
||
| 245 |
_aB. O. Higgins : _bHijo del virrey y gran mariscal del Perú / |
||
| 260 |
_aLima : _bVidaurre Garcia Martin, |
||
| 300 |
_a52 páginas ; _bFotografías, _c27 cm. |
||
| 505 | _aContenido : Biografía. | ||
| 650 |
_aBiografía _922 |
||
| 942 |
_2ddc _cLIBROS |
||
| 945 | _arcc | ||